Finish the TV Show Titles (1960s) Quiz Stats

 Plays Quiz Updated Feb 9, 2018

Challenge
Share
Tweet
Embed
Score 0/30 Timer 05:00
1 Play Today
Start of Title Last Word % Correct
HawaiiFive-O
97.5%
The BradyBunch
97.4%
Scooby-Doo, Where AreYou!
97.3%
Days of OurLives
97.1%
Gilligan'sIsland
96.2%
Mission: Impossible
96.1%
The Wild WildWest
95.2%
The BeverlyHillbillies
94.2%
Lost inSpace
93.7%
Hogan'sHeroes
92.3%
Monty Python's FlyingCircus
90.8%
60Minutes
90.4%
I Dream ofJeannie
89.7%
Let's Make aDeal
86.8%
DoctorWho
86.5%
Start of Title Last Word % Correct
ABC's Wide World ofSports
83.8%
PetticoatJunction
83.7%
My ThreeSons
83.1%
PeytonPlace
81.6%
ModSquad
80.6%
The OuterLimits
80.6%
MisterEd / Magoo
80.1%
McHale'sNavy
80%
StarTrek
78.3%
My FavoriteMartian
75.8%
The FlyingNun
75.1%
Rowan & Martin'sLaugh-In
75.1%
The Courtship of Eddie'sFather
71.9%
The Man fromU.N.C.L.E.
71.4%
CoronationStreet
43.8%

You're not logged in!

Compare scores with friends on all Sporcle quizzes.
OR
Log In

You Might Also Like...

Show Comments

Extras

Top Quizzes Today


Score Distribution

Your Account Isn't Verified!

In order to create a playlist on Sporcle, you need to verify the email address you used during registration. Go to your Sporcle Settings to finish the process.

Report this User

Report this user for behavior that violates our Community Guidelines.

Details: